| 000 | 00572nam a22001937a 4500 | ||
|---|---|---|---|
| 003 | CEME | ||
| 005 | 20210628201749.0 | ||
| 008 | 210216b xxu||||| |||| 00| 0 eng d | ||
| 020 | _a0-8120-9724-6 | ||
| 040 | _c. | ||
| 082 | _a371.26 GRE | ||
| 100 |
_aBrownstein, Samuel C Weiner Green, Sharon Weiner, Mitchel _956731 |
||
| 245 | _aGre , how to prepare for the graduate record examination general test | ||
| 250 | _a17TH | ||
| 260 |
_aUSA _bBARRON'S _c2001 |
||
| 300 | _a622P | ||
| 650 |
_aGRADUATE RECORD EXAMINATION-STUDY GUIDE GRE TEST _956732 |
||
| 942 |
_cBK _2ddc |
||
| 999 |
_c567089 _d567089 |
||